|
|
|
|
| LEADER |
00000nam0a2200000 4500 |
| 001 |
281199 |
| 005 |
20231101235359.0 |
| 020 |
|
|
|a RU
|b 86-65421
|
| 035 |
|
|
|a (RuTPU)RU\TPU\book\304859
|
| 090 |
|
|
|a 281199
|
| 100 |
|
|
|a 20150120d1986 k y0rusy5003 ca
|
| 101 |
0 |
|
|a rus
|
| 102 |
|
|
|a RU
|
| 105 |
|
|
|a a z 001zy
|
| 200 |
1 |
|
|a Магматические и метаморфические формации в истории Земли
|e [сборник трудов]
|f Академия наук СССР (АН СССР), Сибирское отделение (СО), Институт геологии и геофизики (ИГиГ) ; отв. ред. В. Б. Василенко
|
| 210 |
|
|
|a Новосибирск
|c Наука
|d 1986
|
| 215 |
|
|
|a 206 с.
|c ил.
|d 27 см
|
| 320 |
|
|
|a Библиогр. в конце трудов
|
| 606 |
1 |
|
|a Геологические формации, магматические
|2 stltpush
|3 (RuTPU)RU\TPU\subj\6087
|9 34047
|
| 606 |
1 |
|
|a Горные породы, метаморфические
|x Петрография
|2 stltpush
|3 (RuTPU)RU\TPU\subj\8136
|9 35620
|
| 610 |
1 |
|
|a формационный анализ
|
| 610 |
1 |
|
|a магматическая геология
|
| 610 |
1 |
|
|a петрология
|
| 610 |
1 |
|
|a Земля
|
| 610 |
1 |
|
|a история
|
| 610 |
1 |
|
|a структурно-фациальные зоны
|
| 610 |
1 |
|
|a регионы
|
| 610 |
1 |
|
|a провинции
|
| 610 |
1 |
|
|a метаморфическая зональность
|
| 675 |
|
|
|a 552.3
|z rus
|v 4
|
| 675 |
|
|
|a 552.4
|z rus
|v 4
|
| 702 |
|
1 |
|a Василенко
|b В. Б.
|g Владимир Борисович
|4 340
|
| 712 |
0 |
2 |
|a Академия наук СССР (АН СССР)
|b Сибирское отделение (СО)
|b Институт геологии и геофизики (ИГиГ)
|c (Новосибирск)
|2 stltpush
|3 (RuTPU)RU\TPU\col\128
|
| 801 |
|
0 |
|a RU
|b RuMRKP
|c 19950704
|g psbo
|
| 801 |
|
1 |
|a RU
|b 63413507
|c 20150120
|
| 801 |
|
2 |
|a RU
|b 63413507
|c 20170320
|g RCR
|
| 942 |
|
|
|c BK
|